The role of the government in poverty alleviation in Hong Kong: Part I dynamics of policy attention, choice and change (Record no. 116871)

000 -LEADER
fixed length control field 01196pab a2200169 454500
008 - FIXED-LENGTH DATA ELEMENTS--GENERAL INFORMATION
fixed length control field 180718b2017 xxu||||| |||| 00| 0 eng d
100 ## - MAIN ENTRY--PERSONAL NAME
Personal name Wong, Jennifer Shin-Chon
245 ## - TITLE STATEMENT
Title The role of the government in poverty alleviation in Hong Kong: Part I dynamics of policy attention, choice and change
260 ## - PUBLICATION, DISTRIBUTION, ETC.
Date of publication, distribution, etc. 2017
300 ## - PHYSICAL DESCRIPTION
Extent p.238-257.
362 ## - DATES OF PUBLICATION AND/OR SEQUENTIAL DESIGNATION
Dates of publication and/or sequential designation Dec
520 ## - SUMMARY, ETC.
Summary, etc. This discussion, as Part I of a two-part discussion, addresses Hong Kong?s poverty alleviation experience from perspectives on how problems and issues get onto policy agendas and result in various decisions and degrees of change within and beyond specific areas of policy. The alleviation initiatives taken by the government over time highlight the extent to which the processes and results have been, and remain, fluid and multi-dimensional. Significant developments are identified and assessed, as complemented by the discussion in Part II (in March 2018) of specific alleviation programmes as distinctive instruments of government policy. - Reproduced.
650 ## - SUBJECT ADDED ENTRY--TOPICAL TERM
Topical term or geographic name entry element Poverty alleviation - Hong Kong
650 ## - SUBJECT ADDED ENTRY--TOPICAL TERM
Topical term or geographic name entry element Poverty alleviation
773 ## - HOST ITEM ENTRY
Main entry heading Asia Pacific Journal of Public Administration
909 ## -
-- 116877
Holdings
Withdrawn status Lost status Damaged status Not for loan Permanent Location Current Location Date acquired Serial Enumeration / chronology Barcode Date last seen Price effective from Koha item type
        Indian Institute of Public Administration Indian Institute of Public Administration 2018-07-19 Volume no: 39, Issue no: 4 AR117337 2018-07-19 2018-07-19 Articles

Powered by Koha